00345nam a2200109Ia 4500008004100000245010200041260004900143260000900192300001000201500000800211650001600219170224s9999 xx 000 0 und d 4aThe college journey and academic engagement: How metaphor use enhances identity-based motivation. bJournal of Personality and Social Psychology c2014 a106:5 aMay xPsychology.